000 00445nam a22001577a 4500
008 140905b xxu||||| |||| 00| 0 eng d
020 _a0406934444
050 _aKD288.A64(2001 vol. 3)
245 _aThe All England Law Reports 2001 (vol. 3). /
_cedited by Craig, Rose
260 _aLondon:
_bButterworth,
_c2001.
300 _axvii, 1024p.:
_c25cm.
440 _vVol. 3
500 _aIncludes index
700 _aRose, Craig
942 _2lcc
_cBK
999 _c4348
_d11848